| 000 | 00953nam a2200277Ia 4500 | ||
|---|---|---|---|
| 003 | CO-BoRNBP | ||
| 005 | 20240221222444.0 | ||
| 007 | ta | ||
| 008 | 141031s9999 xx 000 0 und d | ||
| 020 | _a8449314372 | ||
| 040 |
_aCO-BoRNBP _bspa _erda _cCO-BoRNBP |
||
| 082 |
_a808.887 _bG67e |
||
| 100 | 1 | 0 |
_aGornick, Vivian _941447 |
| 245 | 1 | 0 |
_aEscribir narrativa personal _c Vivian Gornick ; traducción Víctor Pozanco |
| 250 | _a1a ed. | ||
| 264 |
_aBarcelona _b Paidós, 2003 _c2003 |
||
| 300 |
_a152 páginas _c23 cm. |
||
| 336 |
_atexto _btxt _2rdacontent |
||
| 337 |
_asin mediación _bn _2rdamedia |
||
| 338 |
_avolumen _bnc _2rdacarrier |
||
| 650 | 1 | 4 |
_a Arte de escribir _2LEMB _vEnsayos, conferencias, etc. _941448 |
| 650 | 1 | 4 |
_aLiteratura _2LEMB _v Ensayos, conferencias, etc. _941449 |
| 650 | 1 | 4 |
_aCreación literaria, artística, etc. _2LEMB _xEnsayos, conferencias, etc. _941450 |
| 700 | 1 | 0 |
_aPozanco, Víctor _941451 |
| 942 |
_2ddc _cBK |
||
| 999 |
_c38144 _d38144 |
||